00581 a2200181 450000100060000002000150000604000240002110000230004524000730006824500680014130000070020936200090021644000150022565000310024094200070027195201040027899900170038269553 a8516043436 cAnchieta - Itaigara aCastro, Hermínia10aO caramujo que tinha dentro o mar inteiro, e outras históriaslpor10aO caramujo que tinha dentro o mar inteiro, e outras histórias a390 a2004 1aSalamandra 4aLiteratura infanto-juvenil cBK 00104070a88.1b88.1d2023-11-21l0o028.5 CAS CARp1988/ITAr2023-11-21 20:04:09w2023-11-21yBK c69553d69553